Top 10 Least Educated States - Sudden Death - Statistics

General Stats
  • This quiz has been taken 60 times
  • The average score is 4 of 10
Answers on the Grid
Answers color-coded by a green-red scale on the quiz's grid according to % correct below.
Wyoming
Ohio
Pennsylvania
Oklahoma
West Virginia
Mississppi
Alabama
Indiana
Kentucky
Missouri
South Dakota
North Dakota
Georgia
Florida
Louisiana
Nevada
Hawaii
Arkansas
New Jersey
New Mexico
 
Answer Stats
Answer % Correct
Mississppi
66%
West Virginia
61%
Alabama
54%
Arkansas
54%
Louisiana
51%
Kentucky
39%
Oklahoma
39%
Wyoming
22%
Indiana
7%
Nevada
2%
No matching quizzes found
Score Distribution
Percent of People with Each Score
Percentile by Number Answered
Your Score History
You have not taken this quiz